000 00426nam a22001577a 4500
003 OSt
005 20150905153836.0
008 150905b xxu||||| |||| 00| 0 eng d
040 _cRUA
082 _aAGR សុខ 1991 B002 Or.1
100 _947
_aសុខ ចាន់
245 _aបច្ចេកទេសយកជ័រកៅស៊ូ
260 _aPhnom Penh
_bRUA
_c1991
300 _a60p.
_bill.
_c29cm.
942 _2ddc
_cAGR
999 _c45
_d45